| 000 | 00417nam a2200157 i 4500 | ||
|---|---|---|---|
| 001 | bg | ||
| 100 | 1 | _aBEGIDŻANOVA, A. P. | |
| 245 | 0 |
_aPrimenenie plastmass v traktornom mašinostroenii / _cA.P. Begidżanova, L.M. Krejndlin. |
|
| 260 |
_aMoskva, _c1970. |
||
| 700 | 1 | _aKREJNDLIN, L. M. | |
| 040 | _cBPK | ||
| 041 | _apol | ||
| 080 | _a631.372:678.01 | ||
| 942 | _cKS | ||
| 008 | s pl f |000 0 pol | ||
| 999 |
_c13208 _d13208 |
||
| 856 |
_uhttp://koha.tu.koszalin.pl/cgi-bin/koha/opac-detail.pl?biblionumber=13208 _yKatalog online BPK |
||